MARC details
| 000 -LEADER |
| fixed length control field |
01023nam a2200253Ia 4500 |
| 003 - CONTROL NUMBER IDENTIFIER |
| control field |
IN-BaIIA |
| 008 - FIXED-LENGTH DATA ELEMENTS--GENERAL INFORMATION |
| fixed length control field |
211028s9999 xx 000 0 eng d |
| 020 ## - INTERNATIONAL STANDARD BOOK NUMBER |
| International Standard Book Number |
978-1-583812-31-0 |
| 040 ## - CATALOGING SOURCE |
| Transcribing agency |
IIA Library |
| 080 ## - UNIVERSAL DECIMAL CLASSIFICATION NUMBER |
| Universal Decimal Classification number |
082.2:52 |
| Item number |
ASP-363 |
| 111 ## - MAIN ENTRY--MEETING NAME |
| Meeting name or jurisdiction name as entry element |
Conference on the Nature of V838 Mon and its Light Echo |
| Location of meeting |
Spain |
| Date of meeting or treaty signing |
2006 May 16-19 |
| 9 (RLIN) |
31842 |
| 245 #4 - TITLE STATEMENT |
| Title |
The nature of V838 Mon and its light echo |
| Remainder of title |
proceeding of a conference held in La Palma, Spain, 16-19 May 2006 |
| Statement of responsibility, etc. |
edited by R. L. M. Corradi and U. Munari |
| 260 ## - PUBLICATION, DISTRIBUTION, ETC. |
| Place of publication, distribution, etc. |
San Francisco |
| Name of publisher, distributor, etc. |
Astronomical Society of the Pacific |
| Date of publication, distribution, etc. |
2007 |
| 300 ## - PHYSICAL DESCRIPTION |
| Extent |
xv, 292p. |
| 490 ## - SERIES STATEMENT |
| Series statement |
ASP conference series; v. 363 |
| 650 ## - SUBJECT ADDED ENTRY--TOPICAL TERM |
| Topical term or geographic name entry element |
Circumstellar - congresses |
| 9 (RLIN) |
31843 |
| 650 ## - SUBJECT ADDED ENTRY--TOPICAL TERM |
| Topical term or geographic name entry element |
Interstellar - congresses |
| 9 (RLIN) |
31844 |
| 650 ## - SUBJECT ADDED ENTRY--TOPICAL TERM |
| Topical term or geographic name entry element |
Light echo - congresses |
| 9 (RLIN) |
31845 |
| 650 ## - SUBJECT ADDED ENTRY--TOPICAL TERM |
| Topical term or geographic name entry element |
Outburst - congresses |
| 9 (RLIN) |
31846 |
| 650 ## - SUBJECT ADDED ENTRY--TOPICAL TERM |
| Topical term or geographic name entry element |
V838 MON - congresses |
| 9 (RLIN) |
31847 |
| 700 ## - ADDED ENTRY--PERSONAL NAME |
| Personal name |
Corradi, R. L. M., ed. |
| 9 (RLIN) |
29254 |
| 700 ## - ADDED ENTRY--PERSONAL NAME |
| Personal name |
Munari, U., ed. |
| 9 (RLIN) |
31848 |
| 942 ## - ADDED ENTRY ELEMENTS (KOHA) |
| Koha item type |
Books |
| 952 ## - LOCATION AND ITEM INFORMATION (KOHA) |
| -- |
77.00 |